000
00295nam a22001337a 4500
008
171013b xxu||||| |||| 00| 0 eng d
020
_a
9780205355785
041
_a
eng
080
_a
316
100
_a
51
101
_a
SOC
245
_a
BASICS OF SOCIAL RESEARCH
_c
NEUMAN,W.L
942
_2
udc
_c
BK
999
_c
33750
_d
33750